00526nam a22001697a 450000500170000001000150001702000260003203500140005803700130007208200110008510000130009624500780010926000410018727000790022830000270030750000220033420180830150818.0 aENG-123933 a9789352806249c550.00 aEN-107465 bDBAD/PUB00a370.72 aLi, Wang10aRessearch method in education /cby Wang Li; Peng Liping [and] Qutub Khan aNew Delhi bSAGE Publications,c2018 aB1/I-1 Mohan Cooperative Industrial Area, Mathura RoadbNew Delhi e110044 axxiii,570p.c25m.(pbk) aIt includes index